Metódy a formy práce sekretariátu v podmienkach uplatňovania zdokonalenej sústavy riadenia 6 Zborník. Nitra 18.-19. novemeber 1986

Salvato in:
Dettagli Bibliografici
Natura: Libro
Lingua:slovacco
Pubblicazione: Banská Bystrica Dom techn. ČSVTS 1987
Edizione:1. vyd.
Tags: Aggiungi Tag
Nessun Tag, puoi essere il primo ad aggiungerne!!

MARC

LEADER 00000nam a2200000 4500
001 c022632
005 20221219094744.2
041 0 |a slo 
044 |a SK 
245 1 0 |a Metódy a formy práce sekretariátu v podmienkach uplatňovania zdokonalenej sústavy riadenia 6  |b Zborník. Nitra 18.-19. novemeber 1986 
250 |a 1. vyd. 
264 1 |a Banská Bystrica  |b Dom techn. ČSVTS  |c 1987 
300 |a 100 s.